WWE Pay-Per-View (PPV) Main Events - 2004 - Statistics

General Stats
  • This quiz has been taken 818 times
    673 since last reset
  • The average score is 15 of 17
Answer Stats
PPV Answer % Correct
WrestleMania XX, Backlash, Bad Blood, Vengeance, Unforgiven, Survivor Series Triple H
100%
Royal Rumble, WrestleMania XX, Backlash, Vengeance, SummerSlam, Survivor Series Chris Benoit
98%
WrestleMania XX, Backlash, Bad Blood Shawn Michaels
98%
The Great American Bash, No Mercy, Armageddon The Undertaker
98%
SummerSlam, Unforgiven, Taboo Tuesday, Survivor Series Randy Orton
96%
No Way Out Brock Lesnar
95%
No Way Out, Judgment Day, Armageddon Eddie Guerrero
95%
Survivor Series Batista
92%
Judgment Day, No Mercy, Armageddon John Bradshaw Layfield
89%
Taboo Tuesday Ric Flair
89%
Survivor Series Edge
83%
The Great American Bash Bubba Ray Dudley
79%
Survivor Series Chris Jericho
79%
The Great American Bash D-Von Dudley
79%
Armageddon Booker T
78%
Survivor Series Maven
55%
Survivor Series Gene Snitsky
47%
No matching quizzes found
Score Distribution
Percent of People with Each Score
Percentile by Number Answered
Your Score History
You have not taken this quiz since the last reset